1484 1050 1843 1516 1751 1724 1784 1674 1122 1853 1811 1819 1807 1110 1786 1511 1785 1875 1422 1781 1507 1199 1123 1462 1308 1586 1834 1972 1873 1829 1154 1928 1901 1567 1193 1496 1851 1990 1569 1220 1767 1996 1211 1241 1049 1742 1409 1143 1472 1633 1058 1365 1825 1884 1807 1271 1911 1175 1233 1205 1487 1487 1616 1206 1342 1753 1969 1309 1473 1187 1296 1855 1725 1328 1446 1241 1479 1829 1360 1183 1875 1101 1054 1636 1604 1808 1282 1107 1691 1967 1969 1070 1938 1543 1934 2000 1663 1651 1512 BCNSPRNW ULIB Ver.6.0+V

เปลี่ยนเป็นภาษาไทย

Change to English
 แสดงรายละเอียดบรรณานุกรม
  กลับหน้าหลัก

Brief Record : Get Marc (ISO 2709) : E-mail record : QR code < ปิดหน้าต่าง
LEADER : 00000nam 2200000uu 4500
001    13399112144
003     ULIB
008    110627s2552||||th 000 0 tha d
020    9786110600217
090    นว.^bจ599ร 2552
100 0  จื่อเหวิน
245 00 ระบำหงส์/^cจื่อเหวิน
250    พิมพ์ครั้งที่ 1
260    กรุงเทพฯ :^bแจ่มใส,^c2552
300    171 หน้า
710 1  แจ่มใส
945    ^p139^l0^i026748
995    ทศพร
999 ^a ใช้งานได้ทุกระบบ
รายการนี้ยังไม่มีแท็ก
คุณยังไม่ได้ล็อกอิน คุณสามารถมีกิจกรรมร่วมกับเว็บไซต์ได้ แต่ต้องล็อกอินก่อน ::
  ล็อกอิน

รายการสื่อสารสนเทศ

ลำดับที่ ประเภท เลขเรียก/บาร์โค้ด สถานที่ สถานะ
- ไม่พบข้อมูล -

BibComment


ยังไม่เคยถูกคอมเมนท์

คอมเมนท์ทรัพยากรรายการนี้
  คอมเมนท์: ระบำหงส์ จื่อเหวิน


 Copyright 2026. Bcnsprnw @Library